[Event "XX Festival A"]
[Site "Campobasso ITA"]
[Date "2013.08.02"]
[Round "1"]
[White "Altini, Nicola"]
[Black "Taurisano, Vincenzo"]
[WhiteElo "2347"]
[BlackElo "1945"]
[Result "1-0"]
[PlyCount "53"]
[EventDate "2013.08.02"]

1. d4 d5 2. c4 e6 3. Nf3 Nf6 4. g3 Be7 5. Bg2 c6 6. O-O O-O 7. Qc2 Nbd7 8. Nbd2
Re8 9. e4 dxe4 10. Nxe4 Nxe4 11. Qxe4 Nf6 12. Qc2 c5 13. Rd1 cxd4 14. Rxd4 Qb6
15. Rh4 Bd7 16. Ne5 Rad8 17. Be3 Qa5 18. Nxd7 Rxd7 19. c5 Red8 20. Ra4 Qc7 21.
Rxa7 Nd5 22. Bxd5 Rxd5 23. c6 Rb5 24. Rc1 Bf6 25. cxb7 Qxc2 26. Rxc2 Rbd5 27.
Rc8 1-0

[Event "XX Festival A"]
[Site "Campobasso ITA"]
[Date "2013.08.02"]
[Round "1"]
[White "Ambrosone, Antonio"]
[Black "Ljubisavljevic, Zivojin Z."]
[WhiteElo "1901"]
[BlackElo "2219"]
[Result "1/2-1/2"]
[PlyCount "87"]
[EventDate "2013.08.02"]

1. e4 g6 2. d4 Bg7 3. Be3 Nf6 4. Nc3 d5 5. e5 Ng4 6. Bf4 c5 7. h3 Nh6 8. Nf3
cxd4 9. Nxd4 a6 10. Qd2 Ng8 11. a4 e6 12. Bd3 Bd7 13. a5 Nc6 14. Nxc6 Bxc6 15.
O-O Ne7 16. Na4 Bxa4 17. Rxa4 O-O 18. Bh6 Nc6 19. Bxg7 Kxg7 20. Re1 Rc8 21. g3
h6 22. h4 Qc7 23. Qf4 f6 24. exf6+ Rxf6 25. Qxc7+ Rxc7 26. f4 Re7 27. c4 dxc4
28. Be4 e5 29. Bxc6 Rxc6 30. fxe5 Rc5 31. Re4 Rcxe5 32. Rxe5 Rxe5 33. Rxc4 Re3
34. Rc7+ Kf6 35. Rxb7 Rxg3+ 36. Kh2 Re3 37. Rb6+ Kf5 38. Rxa6 Re2+ 39. Kg3 Rxb2
40. Rb6 Ra2 41. Rb5+ Ke4 42. Rb4+ Ke5 43. Rb5+ Ke4 44. Rb4+ 1/2-1/2

[Event "XX Festival A"]
[Site "Campobasso ITA"]
[Date "2013.08.02"]
[Round "1"]
[White "Chiaretti, Roberto"]
[Black "D'Aquino, Ugo"]
[WhiteElo "2212"]
[BlackElo "1889"]
[Result "1-0"]
[PlyCount "43"]
[EventDate "2013.08.02"]

1. e4 c5 2. Nf3 d6 3. d4 cxd4 4. Nxd4 Nf6 5. Nc3 g6 6. Be2 Bg7 7. O-O Nc6 8.
Nb3 O-O 9. Bg5 Bd7 10. Re1 a5 11. a4 Rc8 12. Qd2 Nb4 13. Rad1 Rxc3 14. bxc3
Nxe4 15. Qe3 Nxg5 16. cxb4 Bh6 17. Kf1 Kg7 18. b5 f6 19. Qa7 b6 20. Bc4 f5 21.
Nd4 Ne4 22. Be6 1-0

[Event "XX Festival A"]
[Site "Campobasso ITA"]
[Date "2013.08.02"]
[Round "1"]
[White "Cipollaro, Giovanni"]
[Black "Vuelban, Virgilio"]
[WhiteElo "1913"]
[BlackElo "2301"]
[Result "1/2-1/2"]
[PlyCount "76"]
[EventDate "2013.08.02"]

1. Nf3 Nf6 2. c4 c6 3. e3 d5 4. Nc3 e6 5. b3 Nbd7 6. Qc2 Bd6 7. Bb2 a6 8. d4 b5
9. Bd3 Bb7 10. O-O bxc4 11. bxc4 dxc4 12. Bxc4 c5 13. Be2 Qc7 14. h3 cxd4 15.
Nxd4 O-O 16. Rac1 Qa5 17. Bf3 Qe5 18. Rfd1 Rab8 19. Bxb7 Rxb7 20. Nf3 Qc5 21.
Ne4 Qxc2 22. Nxf6+ Nxf6 23. Rxc2 Bc7 24. Be5 Bxe5 25. Nxe5 Ra8 26. Rdc1 Kf8 27.
Rc7 Rab8 28. Rxb7 Rxb7 29. Rc6 Ra7 30. Rc8+ Ne8 31. Kf1 Rb7 32. Nc4 Rb1+ 33.
Ke2 Ke7 34. Rc6 Rb4 35. Kd3 Kd8 36. Rxa6 Nc7 37. Rb6 Ra4 38. Rb8+ Ke7 1/2-1/2

[Event "XX Festival A"]
[Site "Campobasso ITA"]
[Date "2013.08.02"]
[Round "1"]
[White "Cocchia, Umberto"]
[Black "Ciampi, Vincenzo"]
[WhiteElo "1883"]
[BlackElo "2123"]
[Result "0-1"]
[PlyCount "64"]
[EventDate "2013.08.02"]

1. e4 c5 2. Nf3 d6 3. d4 cxd4 4. Nxd4 Nf6 5. Nc3 a6 6. f4 g6 7. Bd3 Bg7 8. O-O
Qb6 9. Be3 Ng4 10. Nd5 Qd8 11. Qf3 O-O 12. f5 Nxe3 13. Qxe3 Nc6 14. Nxc6 bxc6
15. Nb6 c5 16. f6 Bxf6 17. Rxf6 Qxb6 18. Rf4 Qxb2 19. Raf1 Qd4 20. Qxd4 cxd4
21. Bc4 Be6 22. Bd5 Rac8 23. R1f2 g5 24. R4f3 Bxd5 25. exd5 Rc3 26. Rf5 f6 27.
h4 h6 28. Re2 Kf7 29. hxg5 hxg5 30. Rd2 Rfc8 31. Rxd4 Rxc2 32. Ra4 Rd2 0-1

[Event "XX Festival A"]
[Site "Campobasso ITA"]
[Date "2013.08.02"]
[Round "1"]
[White "Delfino, Luigi"]
[Black "Radice, Mario"]
[WhiteElo "2221"]
[BlackElo "1910"]
[Result "1-0"]
[PlyCount "46"]
[EventDate "2013.08.02"]

1. e4 e5 2. Nf3 Nf6 3. Nxe5 d6 4. Nf3 Nxe4 5. Nc3 Nxc3 6. dxc3 Be7 7. Be3 O-O
8. Qd2 Nd7 9. O-O-O c6 10. h4 d5 11. g4 Nc5 12. Rg1 Ne4 13. Qe1 Bxh4 14. g5
Bxf2 15. Bxf2 Re8 16. Bd4 Nxg5 17. Qh4 f6 18. Nxg5 fxg5 19. Rxg5 g6 20. Rxg6+
hxg6 21. Qh8+ Kf7 22. Qh7+ Ke6 23. Re1+ Kd6 1-0

[Event "XX Festival A"]
[Site "Campobasso ITA"]
[Date "2013.08.02"]
[Round "1"]
[White "Foglia, Maurizio"]
[Black "Lazov, Stefan"]
[WhiteElo "2113"]
[BlackElo "1798"]
[Result "1-0"]
[PlyCount "63"]
[EventDate "2013.08.02"]

1. c4 Nf6 2. g3 g6 3. Bg2 Bg7 4. Nc3 d6 5. e4 O-O 6. Nge2 e5 7. O-O Nbd7 8. d3
h6 9. h3 c6 10. Be3 Kh7 11. Qd2 Qe7 12. f4 a5 13. Rf2 Nh5 14. f5 g5 15. Bf3 Nf4
16. gxf4 gxf4 17. Nxf4 exf4 18. Bxf4 Bd4 19. Be3 Rg8+ 20. Bg2 Bxe3 21. Qxe3 Qg5
22. Qxg5 Rxg5 23. Kh2 Ne5 24. Bf1 f6 25. Be2 Bd7 26. d4 Nf7 27. h4 Rg7 28. Bh5
Nh8 29. c5 dxc5 30. e5 cxd4 31. Ne4 fxe5 32. Nf6# 1-0

[Event "XX Festival A"]
[Site "Campobasso ITA"]
[Date "2013.08.02"]
[Round "1"]
[White "Franciosi, Claudio"]
[Black "Petruccioli, Antonio"]
[WhiteElo "1727"]
[BlackElo "2087"]
[Result "0-1"]
[PlyCount "72"]
[EventDate "2013.08.02"]

1. e4 c5 2. Nf3 a6 3. d4 cxd4 4. Nxd4 Nf6 5. Nc3 e5 6. Nf3 Bb4 7. Bc4 Qc7 8.
Qd3 b5 9. Bb3 O-O 10. O-O Bb7 11. Nd5 Nxd5 12. Bxd5 Nc6 13. Nh4 Be7 14. Nf5 Bf6
15. Qg3 d6 16. Nxg7 Kh8 17. Bh6 Rg8 18. Qf3 Bxg7 19. Bxg7+ Rxg7 20. Qf6 Nd4 21.
h4 Bxd5 22. exd5 Qd7 23. f3 Ne2+ 24. Kf2 Nf4 25. g3 Nxd5 26. Qh6 Rg6 27. Qd2
Qa7+ 28. Ke2 Qc5 29. Rg1 Nb4 30. h5 Re6 31. c3 Qc4+ 32. Kf2 Qd3 33. Qg5 h6 34.
Qh4 Qd2+ 35. Kf1 Nc2 36. Rg2 Ne3+ 0-1

[Event "XX Festival A"]
[Site "Campobasso ITA"]
[Date "2013.08.02"]
[Round "1"]
[White "Laketic, Gojko"]
[Black "Buiano, Fabio"]
[WhiteElo "2419"]
[BlackElo "2025"]
[Result "1/2-1/2"]
[PlyCount "67"]
[EventDate "2013.08.02"]

1. d4 Nf6 2. c4 e6 3. Nf3 Nc6 4. a3 Be7 5. Nc3 d6 6. e4 O-O 7. Bd3 e5 8. d5 Nb8
9. b4 a5 10. Rb1 Nbd7 11. O-O Nh5 12. g3 g6 13. Bh6 Ng7 14. Qd2 Nf6 15. Bg5
axb4 16. axb4 Bg4 17. Be2 Bxf3 18. Bxf3 Nxd5 19. Qxd5 Bxg5 20. Ra1 Rxa1 21.
Rxa1 c6 22. Qd3 f5 23. b5 f4 24. Bg4 h5 25. Bh3 h4 26. gxh4 Bxh4 27. f3 Qb6+
28. Kh1 Qe3 29. Qxe3 fxe3 30. Kg2 Nh5 31. Ne2 Nf4+ 32. Nxf4 exf4 33. Kf1 Bf6
34. Be6+ 1/2-1/2

[Event "XX Festival A"]
[Site "Campobasso ITA"]
[Date "2013.08.02"]
[Round "1"]
[White "Lombardi, Vincenzo Angelo"]
[Black "Stromboli, Ettore"]
[WhiteElo "1920"]
[BlackElo "2336"]
[Result "0-1"]
[PlyCount "82"]
[EventDate "2013.08.02"]

1. e4 e6 2. d4 d5 3. exd5 exd5 4. Bd3 c5 5. dxc5 Bxc5 6. Nf3 Ne7 7. O-O O-O 8.
Ng5 Bf5 9. Bxf5 Nxf5 10. Qh5 h6 11. Nf3 Ne7 12. c4 Nd7 13. Nc3 Nf6 14. Qe5 Re8
15. Nb5 a6 16. Nbd4 Ng6 17. Qf5 Bxd4 18. Nxd4 dxc4 19. Be3 Qd5 20. Rad1 Re5 21.
Qf3 b5 22. Bd2 Ne4 23. Ba5 Rae8 24. Nf5 Qe6 25. Ng3 Nh4 26. Qf4 g5 27. Qe3 Nc5
28. Qd4 Nd3 29. Bc3 Qc6 30. f3 b4 31. Rxd3 cxd3 32. Qxb4 Qc5+ 33. Qxc5 Rxc5 34.
Ne4 Rc6 35. Nf6+ Rxf6 36. Bxf6 Re2 37. Rd1 Rxg2+ 38. Kf1 d2 39. Be5 Nf5 40.
Kxg2 Ne3+ 41. Kf2 Nxd1+ 0-1

[Event "XX Festival A"]
[Site "Campobasso ITA"]
[Date "2013.08.02"]
[Round "1"]
[White "Naumkin, Igor"]
[Black "Grasso, Nino"]
[WhiteElo "2445"]
[BlackElo "2038"]
[Result "1-0"]
[PlyCount "43"]
[EventDate "2013.08.02"]

1. d4 Nf6 2. c4 c5 3. d5 b5 4. Nf3 g6 5. Nbd2 Bg7 6. e4 d6 7. cxb5 Qa5 8. e5
Nxd5 9. exd6 exd6 10. Bc4 Ne7 11. O-O O-O 12. Ne4 d5 13. Bg5 dxc4 14. Bxe7 Bxb2
15. Bxf8 Bxa1 16. Qxa1 c3 17. Bh6 f5 18. Nxc3 a6 19. Nd5 Ra7 20. Nf6+ Kf7 21.
Ng5+ Ke7 22. Qe5+ 1-0

[Event "XX Festival A"]
[Site "Campobasso ITA"]
[Date "2013.08.02"]
[Round "1"]
[White "Piro, Valerio"]
[Black "Ristic, Nenad"]
[WhiteElo "2030"]
[BlackElo "2437"]
[Result "0-1"]
[PlyCount "46"]
[EventDate "2013.08.02"]

1. e4 c5 2. c3 Nf6 3. e5 Nd5 4. d4 cxd4 5. Qxd4 e6 6. Nf3 Nc6 7. Qe4 f5 8. Qe2
Qc7 9. g3 b6 10. Bg2 Ncb4 11. Na3 Nxc3 12. bxc3 Qxc3+ 13. Qd2 Qxa1 14. O-O Qxa2
15. Bb2 Bb7 16. Rd1 Rd8 17. Ra1 Qd5 18. Qg5 Qb3 19. Nh4 Qxb2 20. Qh5+ g6 21.
Nxg6 Qxa1+ 22. Bf1 Bf3 23. Qh4 Be2 0-1

[Event "XX Festival A"]
[Site "Campobasso ITA"]
[Date "2013.08.02"]
[Round "1"]
[White "Santeramo, Domenico"]
[Black "Lazic, Miroljub"]
[WhiteElo "2059"]
[BlackElo "2457"]
[Result "0-1"]
[PlyCount "160"]
[EventDate "2013.08.02"]

1. e4 e5 2. Nf3 Nc6 3. Bb5 Nge7 4. O-O a6 5. Ba4 d6 6. c3 Bd7 7. d4 Ng6 8. Re1
Be7 9. Nbd2 Nh4 10. Bxc6 Bxc6 11. dxe5 Nxf3+ 12. Nxf3 dxe5 13. Qxd8+ Rxd8 14.
Nxe5 Bxe4 15. Bf4 Bd5 16. Nf3 c5 17. Re3 h6 18. Be5 f6 19. Bc7 Rd7 20. Bb6 Kf7
21. b3 Ra8 22. Ne1 Rc8 23. c4 Be6 24. Nd3 Bd6 25. Rae1 Bf5 26. g3 g5 27. Nb2
Be5 28. Na4 Bd4 29. R3e2 Bh3 30. Re4 Rc6 31. R4e2 Kg6 32. Re4 Rdd6 33. Ba5 b6
34. Bc3 b5 35. Bxd4 cxd4 36. Nb2 Bf5 37. R4e2 Bg4 38. Rd2 Be6 39. cxb5 axb5 40.
Red1 Bg4 41. Re1 Bf3 42. Kf1 Rc3 43. Nd3 Kf5 44. h3 h5 45. Ra1 Rd8 46. Ne1 g4
47. Nxf3 gxf3 48. Ke1 d3 49. Rad1 Ke4 50. Ra1 Kd4 51. a4 b4 52. a5 Rxb3 53. a6
Kc4 54. Rda2 Kc3 55. Rc1+ Kd4 56. Rca1 Ra8 57. a7 Rc3 58. Ra6 Rc7 59. Rd6+ Ke5
60. Rxd3 Raxa7 61. Rxa7 Rxa7 62. Rb3 Ra1+ 63. Kd2 Ra2+ 64. Ke1 Re2+ 65. Kf1 Re4
66. Rxf3 f5 67. Rb3 Kd5 68. f3 Rd4 69. Ke2 Kc4 70. Rb1 b3 71. Ke3 h4 72. Rc1+
Kd5 73. gxh4 Rxh4 74. Rd1+ Kc4 75. Rc1+ Kb4 76. Rc7 b2 77. f4 Rxh3+ 78. Kd4 Rh1
79. Rb7+ Ka3 80. Ra7+ Kb3 0-1

[Event "XX Festival A"]
[Site "Campobasso ITA"]
[Date "2013.08.02"]
[Round "1"]
[White "Stromboli, Carlo"]
[Black "Vena, Alessio"]
[WhiteElo "2328"]
[BlackElo "1918"]
[Result "1-0"]
[PlyCount "51"]
[EventDate "2013.08.02"]

1. e4 d6 2. d4 Nf6 3. Nc3 e5 4. Nf3 Nbd7 5. Bc4 Be7 6. O-O O-O 7. Re1 c6 8. a4
b6 9. Bg5 a6 10. Qd3 Ng4 11. Bxe7 Qxe7 12. h3 Ngf6 13. Rad1 b5 14. Ba2 Nh5 15.
Ne2 Qf6 16. Qe3 exd4 17. Qxd4 Ne5 18. Nxe5 dxe5 19. Qe3 Be6 20. Bxe6 Qxe6 21.
Qc5 Rfd8 22. a5 Nf6 23. Nc3 Nd7 24. Qe3 Qe7 25. Rd2 Qc5 26. Rxd7 1-0

[Event "XX Festival A"]
[Site "Campobasso ITA"]
[Date "2013.08.02"]
[Round "1"]
[White "Zinnai, Graziano Matteo"]
[Black "Bontempi, Piero"]
[WhiteElo "2021"]
[BlackElo "2376"]
[Result "0-1"]
[PlyCount "62"]
[EventDate "2013.08.02"]

1. e4 c5 2. Nf3 Nc6 3. d3 g6 4. c3 d5 5. Nbd2 Bg7 6. Be2 e5 7. exd5 Qxd5 8. Nc4
Nge7 9. O-O O-O 10. a4 h6 11. Re1 g5 12. Bf1 Ng6 13. g3 Rd8 14. Be3 Bg4 15.
Ncd2 b6 16. h3 Bf5 17. Bg2 Qd7 18. Nxg5 hxg5 19. Qf3 Rdc8 20. Bxg5 Bxh3 21. Ne4
Bg4 22. Qe3 Qe6 23. f3 Bf5 24. Nf2 Qd7 25. g4 Be6 26. Bh6 f6 27. Ne4 Bd5 28.
Ng3 Bxh6 29. Qxh6 Qh7 30. Qe3 Nf4 31. Kf2 Qh2 0-1

[Event "XX Festival A"]
[Site "Campobasso ITA"]
[Date "2013.08.02"]
[Round "2"]
[White "Bontempi, Piero"]
[Black "Chiaretti, Roberto"]
[WhiteElo "2376"]
[BlackElo "2212"]
[Result "1/2-1/2"]
[PlyCount "169"]
[EventDate "2013.08.02"]

1. e4 e6 2. d4 d5 3. Bd3 c5 4. c3 Nc6 5. Nf3 cxd4 6. cxd4 dxe4 7. Bxe4 Nf6 8.
Bc2 Be7 9. Nc3 O-O 10. O-O Nb4 11. Bb3 b6 12. a3 Nbd5 13. Ne5 Bb7 14. Re1 Rc8
15. Qd3 Qc7 16. Bd2 a6 17. Qh3 b5 18. Bc2 Rfd8 19. Ng4 g6 20. Nh6+ Kg7 21. Nxf7
Kxf7 22. Qxe6+ Kg7 23. Bb3 Bd6 24. Bg5 Bxh2+ 25. Kh1 Re8 26. Nxd5 Nxd5 27. Qxe8
Rxe8 28. Rxe8 Bd6 29. Rae1 h6 30. Bd8 Qc6 31. f3 g5 32. R8e6 Bc8 33. R6e2 Bf5
34. Ba5 Bg3 35. Rd1 Bf4 36. Be1 Qd6 37. Re5 Ne7 38. Bb4 Bxe5 39. Bxd6 Bxd6 40.
g4 Bd7 41. Kg2 Ng6 42. Kf2 Nf4 43. Bc2 Nd5 44. Be4 Nb6 45. Rc1 Nc4 46. Rc2 a5
47. Bd5 Nb6 48. Bc6 Kf7 49. Bxd7 Nxd7 50. Rc8 a4 51. Ke2 Ke6 52. Kd3 Kd5 53.
Rh8 Nb6 54. Rxh6 Nc4 55. Kc3 Bf4 56. Rf6 Bd2+ 57. Kd3 Bc1 58. Rf5+ Kc6 59. Rc5+
Kb6 60. Kc2 Be3 61. Kc3 Bd2+ 62. Kc2 Bf4 63. b3 axb3+ 64. Kxb3 Nd2+ 65. Kc3
Nxf3 66. Rf5 Nh2 67. Kb4 Bd2+ 68. Kb3 Nxg4 69. Rf8 Bf4 70. Rg8 Ne3 71. a4 bxa4+
72. Kxa4 Kc6 73. Kb4 Kd5 74. Kc3 Nd1+ 75. Kd3 Nf2+ 76. Ke2 Ne4 77. Kd3 Nf6 78.
Ra8 Ke6 79. Ra5 g4 80. Ke2 Nd5 81. Kd3 Bd6 82. Ke4 Nf4 83. Ke3 Nd5+ 84. Ke4
Nf6+ 85. Ke3 1/2-1/2

[Event "XX Festival A"]
[Site "Campobasso ITA"]
[Date "2013.08.02"]
[Round "2"]
[White "Buiano, Fabio"]
[Black "Cipollaro, Giovanni"]
[WhiteElo "2025"]
[BlackElo "1913"]
[Result "1/2-1/2"]
[PlyCount "89"]
[EventDate "2013.08.02"]

1. e4 c6 2. d4 d5 3. e5 c5 4. c3 Nc6 5. Nf3 Bg4 6. Be2 e6 7. O-O Nh6 8. Nbd2
Nf5 9. Nb3 Bxf3 10. Bxf3 cxd4 11. cxd4 Be7 12. Be3 O-O 13. Rc1 Qb6 14. Be2 f6
15. exf6 Bxf6 16. Bd3 Qd8 17. Qg4 g6 18. Rfe1 Qe7 19. g3 Qg7 20. Bxf5 exf5 21.
Qf3 Qf7 22. h4 Rfe8 23. Kg2 h5 24. Red1 Rac8 25. a3 b6 26. Rc2 Ne7 27. Rdc1
Rxc2 28. Rxc2 Rc8 29. Rxc8+ Nxc8 30. Qf4 Bg7 31. Qb8 Qd7 32. Nd2 Bf6 33. Nf3
Kf7 34. Bf4 Ne7 35. Bd6 Nc6 36. Qf8+ Ke6 37. Be5 Bd8 38. Qh8 Qf7 39. Ng5+ Bxg5
40. hxg5 Ke7 41. Qa8 Qe6 42. Qb7+ Ke8 43. Qa8+ Kd7 44. Qb7+ Ke8 45. Qa8+
1/2-1/2

[Event "XX Festival A"]
[Site "Campobasso ITA"]
[Date "2013.08.02"]
[Round "2"]
[White "Chicco, Giancarlo"]
[Black "Lombardi, Vincenzo Angelo"]
[WhiteElo "1562"]
[BlackElo "1920"]
[Result "0-1"]
[PlyCount "50"]
[EventDate "2013.08.02"]

1. b3 Nf6 2. Bb2 d6 3. g3 g6 4. Bg2 Bg7 5. d3 O-O 6. e4 e5 7. Ne2 Nh5 8. O-O
Bg4 9. Nd2 Nc6 10. h3 Be6 11. a3 Qd7 12. Kh2 f5 13. f4 exf4 14. Bxg7 fxg3+ 15.
Nxg3 Nxg3 16. Kxg3 Qxg7 17. Kh2 Qe5+ 18. Kg1 fxe4 19. Nxe4 d5 20. Nd2 Qe3+ 21.
Kh2 Nd4 22. Rxf8+ Rxf8 23. Nf1 Qf2 24. Kh1 Ne2 25. Qe1 Qg1# 0-1

[Event "XX Festival A"]
[Site "Campobasso ITA"]
[Date "2013.08.02"]
[Round "2"]
[White "Ciampi, Vincenzo"]
[Black "Naumkin, Igor"]
[WhiteElo "2123"]
[BlackElo "2445"]
[Result "0-1"]
[PlyCount "74"]
[EventDate "2013.08.02"]

1. d4 Nf6 2. Nf3 e6 3. c4 b6 4. g3 Bb7 5. Bg2 Be7 6. O-O O-O 7. d5 exd5 8. Nh4
c6 9. cxd5 Nxd5 10. Nf5 Nc7 11. e4 d5 12. Nc3 Bf6 13. exd5 cxd5 14. Bf4 Nba6
15. Qh5 Ne6 16. Rad1 Nxf4 17. gxf4 g6 18. Nh6+ Kg7 19. Qh3 Nc7 20. Ng4 h5 21.
Ne3 Bxc3 22. bxc3 Ne6 23. Qg3 Qf6 24. f5 Nc5 25. Bxd5 Bxd5 26. Rxd5 Ne4 27. Qg2
Nxc3 28. Rd2 Rad8 29. Rc2 b5 30. Kh1 Rd3 31. Rg1 b4 32. fxg6 fxg6 33. Qb7+ Rf7
34. Qxb4 Qf3+ 35. Rg2 Ne4 36. Qb2+ Kh7 37. Qb1 h4 0-1

[Event "XX Festival A"]
[Site "Campobasso ITA"]
[Date "2013.08.02"]
[Round "2"]
[White "Dragojlovic, Andjelko"]
[Black "Foglia, Maurizio"]
[WhiteElo "2349"]
[BlackElo "2113"]
[Result "1/2-1/2"]
[PlyCount "99"]
[EventDate "2013.08.02"]

1. e4 c5 2. Nf3 e6 3. d3 d6 4. g3 b6 5. Bg2 Bb7 6. O-O Nf6 7. Nh4 Nbd7 8. f4
Qc7 9. c4 g6 10. Nc3 a6 11. b3 Bg7 12. Bb2 O-O 13. g4 Bc6 14. h3 b5 15. Qd2 b4
16. Ne2 Ne8 17. Bxg7 Nxg7 18. f5 Qd8 19. Qh6 gxf5 20. gxf5 Qf6 21. Qf4 e5 22.
Qf2 Kh8 23. Kh2 Rg8 24. Bf3 Qh6 25. Ng2 Nf6 26. Ne3 Ngh5 27. Bxh5 Qxh5 28. Rg1
a5 29. a4 Rxg1 30. Rxg1 Rg8 31. Rxg8+ Kxg8 32. Ng1 Kf8 33. Nf3 Qh6 34. Nd2 Qg5
35. Qg3 Qxg3+ 36. Kxg3 Nh5+ 37. Kf3 Nf4 38. h4 Nxd3 39. Ng2 Nc1 40. Ke3 Kg7 41.
Ne1 Kh6 42. Nef3 f6 43. Nh2 Kh5 44. Kf3 Kxh4 45. Ng4 Kg5 46. Nf2 h5 47. Nh3+
Kh6 48. Nf2 Kg5 49. Nh3+ Kh6 50. Nf2 1/2-1/2

[Event "XX Festival A"]
[Site "Campobasso ITA"]
[Date "2013.08.02"]
[Round "2"]
[White "Grasso, Nino"]
[Black "Cocchia, Umberto"]
[WhiteElo "2038"]
[BlackElo "1883"]
[Result "1-0"]
[PlyCount "69"]
[EventDate "2013.08.02"]

1. e4 e5 2. Nf3 Nf6 3. d4 Nxe4 4. dxe5 d5 5. exd6 Bxd6 6. Bd3 Nf6 7. h3 Nc6 8.
Nc3 O-O 9. O-O Nb4 10. Bc4 Bf5 11. Nd4 Bg6 12. Bb3 Be5 13. Be3 Nbd5 14. Nxd5
Nxd5 15. Qd2 Nxe3 16. fxe3 c5 17. Nf3 Qxd2 18. Nxd2 Bxb2 19. Rad1 Rad8 20. Nc4
Bf6 21. Nd6 b6 22. a4 Be5 23. Nxf7 Bxf7 24. Rxd8 Rxd8 25. Rxf7 Kh8 26. Rxa7 h6
27. Rb7 Rb8 28. Rxb8+ Bxb8 29. Kf2 g5 30. Kf3 Kg7 31. Ke4 Kf6 32. Kd5 Bg3 33.
Kc6 Bf2 34. Kxb6 Bxe3 35. Bc4 1-0

[Event "XX Festival A"]
[Site "Campobasso ITA"]
[Date "2013.08.02"]
[Round "2"]
[White "Lazic, Miroljub"]
[Black "Stromboli, Carlo"]
[WhiteElo "2457"]
[BlackElo "2328"]
[Result "1/2-1/2"]
[PlyCount "70"]
[EventDate "2013.08.02"]

1. c4 c5 2. g3 Nc6 3. Bg2 Nf6 4. Nc3 e6 5. Nf3 d5 6. b3 Be7 7. O-O O-O 8. d3 d4
9. Na4 e5 10. e3 Rb8 11. Ba3 b6 12. exd4 exd4 13. Bc1 Bd6 14. Bg5 h6 15. Bxf6
Qxf6 16. Nd2 Bb7 17. Ne4 Qg6 18. f4 f5 19. Nxd6 Qxd6 20. Bd5+ Kh7 21. Qf3 Rbe8
22. Rae1 Qd7 23. Nb2 Ba8 24. a3 Ne7 25. Bxa8 Rxa8 26. Re2 Rae8 27. Rfe1 Nc6 28.
Qd5 Rxe2 29. Rxe2 Rd8 30. Qxd7 Rxd7 31. Re6 Rc7 32. Rd6 Kg8 33. Rd5 Rf7 34. Rd6
Rc7 35. Rd5 Rf7 1/2-1/2

[Event "XX Festival A"]
[Site "Campobasso ITA"]
[Date "2013.08.02"]
[Round "2"]
[White "Lazov, Stefan"]
[Black "Baltzopoulos, Giorgos"]
[WhiteElo "1798"]
[BlackElo "1950"]
[Result "0-1"]
[PlyCount "64"]
[EventDate "2013.08.02"]

1. e4 e5 2. Nf3 Nc6 3. d4 exd4 4. Nxd4 Nf6 5. Nc3 Bb4 6. Nxc6 bxc6 7. Bd3 d5 8.
exd5 O-O 9. O-O cxd5 10. h3 h6 11. Qf3 c6 12. Ne2 c5 13. c3 Ba5 14. Ng3 Bc7 15.
Nf5 Bxf5 16. Bxf5 Re8 17. Be3 Qd6 18. g3 Rab8 19. b3 Ne4 20. Rac1 Qa6 21. Rc2
Qd3 22. Bxe4 Rxe4 23. Rd2 Qxc3 24. Rxd5 Rd4 25. Rf5 Rd7 26. Rxc5 Qd3 27. Qf5
Bb6 28. Qxd3 Rxd3 29. Re5 Bxe3 30. fxe3 Rc8 31. Rf2 Kf8 32. Kg2 32... Rc6 $138
0-1

[Event "XX Festival A"]
[Site "Campobasso ITA"]
[Date "2013.08.02"]
[Round "2"]
[White "Ljubisavljevic, Zivojin Z."]
[Black "Laketic, Gojko"]
[WhiteElo "2219"]
[BlackElo "2419"]
[Result "0-1"]
[PlyCount "62"]
[EventDate "2013.08.02"]

1. Nf3 d5 2. g3 c5 3. Bg2 Nc6 4. O-O e5 5. d3 Nf6 6. c4 d4 7. b4 cxb4 8. a3
bxa3 9. Bxa3 Bxa3 10. Nxa3 O-O 11. c5 Nd5 12. Nc4 Nc3 13. Qd2 Qe7 14. e3 Qxc5
15. exd4 exd4 16. Rfe1 Be6 17. Nce5 a5 18. Nxc6 bxc6 19. Ne5 Rfc8 20. h4 Bd5
21. Qf4 Ra7 22. h5 Bxg2 23. Kxg2 Qd5+ 24. Kg1 h6 25. g4 Re8 26. Nxc6 Qxc6 27.
Qxd4 Raa8 28. Kh2 Ne2 29. Qc4 Qd6+ 30. Kg2 Nf4+ 31. Kf3 Nxd3 0-1

[Event "XX Festival A"]
[Site "Campobasso ITA"]
[Date "2013.08.02"]
[Round "2"]
[White "Mininni, Saverio"]
[Black "Altini, Nicola"]
[WhiteElo "1491"]
[BlackElo "2347"]
[Result "0-1"]
[PlyCount "70"]
[EventDate "2013.08.02"]

1. e4 c5 2. Nf3 g6 3. d3 Bg7 4. Be2 Nc6 5. c3 e5 6. Be3 d6 7. O-O Nge7 8. Qc1
O-O 9. Bh6 d5 10. Bxg7 Kxg7 11. exd5 Nxd5 12. Nbd2 Nf4 13. Re1 Bf5 14. Ne4 c4
15. Ng3 Bxd3 16. Nxe5 Nxe2+ 17. Nxe2 Nxe5 18. Nd4 Qf6 19. Qe3 Nc6 20. Nf3 b5
21. h3 b4 22. Nh2 h6 23. Rac1 a5 24. Qc5 Rfe8 25. Red1 Re2 26. cxb4 Nd4 27. f3
axb4 28. a3 bxa3 29. bxa3 Nb3 30. Qd5 Rd8 31. Qb7 Nxc1 32. Rxc1 Be4 33. Qb4 Qg5
34. Qc3+ Kh7 35. g4 Qc5+ 0-1

[Event "XX Festival A"]
[Site "Campobasso ITA"]
[Date "2013.08.02"]
[Round "2"]
[White "Palladino, Andrea"]
[Black "Donati, Michele"]
[WhiteElo "1965"]
[BlackElo "1809"]
[Result "1-0"]
[PlyCount "61"]
[EventDate "2013.08.02"]

1. e4 c5 2. Nc3 e6 3. Nf3 a6 4. Be2 Qc7 5. O-O d6 6. d4 cxd4 7. Nxd4 Nf6 8. f4
Be7 9. Kh1 O-O 10. Qe1 Nbd7 11. Qg3 Rd8 12. Bf3 Rb8 13. Be3 Nb6 14. Rae1 Nc4
15. Bc1 Qc5 16. Nb3 Qc7 17. Nd4 Qc5 18. Rd1 Bd7 19. Be2 b5 20. b3 Nb6 21. e5
dxe5 22. fxe5 Nfd5 23. Ne4 Qc7 24. Bh6 Bf8 25. Rxf7 Kxf7 26. Rf1+ Nf6 27. Nxf6
gxf6 28. Rxf6+ Ke7 29. Bxf8+ Rxf8 30. Qg7+ Kd8 31. Rxf8+ 1-0

[Event "XX Festival A"]
[Site "Campobasso ITA"]
[Date "2013.08.02"]
[Round "2"]
[White "Petruccioli, Antonio"]
[Black "Aleksic, Nenad"]
[WhiteElo "2087"]
[BlackElo "2357"]
[Result "0-1"]
[PlyCount "84"]
[EventDate "2013.08.02"]

1. e4 c5 2. Nc3 a6 3. f4 e6 4. Nf3 b5 5. d3 Bb7 6. g4 b4 7. Ne2 d6 8. Ng3 Nf6
9. g5 Nfd7 10. h4 Nc6 11. Bh3 Nd4 12. O-O h6 13. Kg2 Nxf3 14. Qxf3 hxg5 15.
fxg5 Ne5 16. Qf4 g6 17. h5 gxh5 18. g6 fxg6 19. Bxe6 Qe7 20. Bh3 Bg7 21. Qg5
Qxg5 22. Bxg5 Bc8 23. Bf6 Bxh3+ 24. Kxh3 Bxf6 25. Rxf6 Ke7 26. Raf1 Raf8 27.
Rxf8 Rxf8 28. Rxf8 Kxf8 29. Ne2 Kg7 30. Nf4 Kh6 31. Ne6 g5 32. Nc7 a5 33. Ne8
g4+ 34. Kg3 Kg5 35. Nxd6 h4+ 36. Kg2 Kf4 37. Nf5 Nf3 38. Kf2 g3+ 39. Kg2 Ne1+
40. Kf1 h3 41. Nxg3 Kxg3 42. Kg1 Nxc2 0-1

[Event "XX Festival A"]
[Site "Campobasso ITA"]
[Date "2013.08.02"]
[Round "2"]
[White "Radice, Mario"]
[Black "Piro, Valerio"]
[WhiteElo "1910"]
[BlackElo "2030"]
[Result "1-0"]
[PlyCount "51"]
[EventDate "2013.08.02"]

1. e4 c6 2. d4 d5 3. exd5 cxd5 4. c4 Nf6 5. Nc3 e6 6. Nf3 Bb4 7. cxd5 Nxd5 8.
Qc2 Nc6 9. Bd3 Be7 10. O-O Ncb4 11. Qd1 Nxd3 12. Qxd3 O-O 13. Rd1 Bf6 14. Ne4
Nb4 15. Nxf6+ Qxf6 16. Bg5 Nxd3 17. Bxf6 gxf6 18. Rxd3 Rd8 19. Rad1 Rd5 20. h3
b6 21. Nh2 Ba6 22. Rg3+ Kf8 23. Ng4 Be2 24. Nxf6 Bxd1 25. Rg8+ Ke7 26. Nxd5+
1-0